000 00499nam a2200205Ia 4500
005 20240823043927.0
008 240823s9999||||xx |||||||||||||| ||und||
020 _a81-203-1288-0
041 _aENGLISH
082 _A658.8342 P2
100 _a"Schiffman,Leon G"
245 0 _aConsumer Behavior
250 _a6th
260 _c2002
_b"PHI,New Delhi"
500 _aTRANSFERED
650 _aManagement
_bManagement Studies
700 _a" Kanuk,Leslie Lazar"
942 _cBK
999 _c211364
_d211364